Drapeau pays d'Europe par image n°2 - Statistiques

Statistiques générales
  • Ce quiz a été pris 44 fois
  • Le résultat moyen est 13 sur 16
Statistiques - réponses
Par images Réponse % Correct
Suisse
97%
Finlande
90%
Pologne
90%
Monaco
87%
Luxembourg
85%
Moldavie
85%
Norvège
85%
Tchéquie
85%
Chypre
82%
Estonie
82%
Hongrie
82%
Autriche
79%
Liechtenstein
79%
Vatican
79%
Andorre
77%
Malte
74%
Aucun quiz correspondant
Distribution des résultats
% des personnes avec chaque résultat
Percentile par nombre de réponses
Votre historique - résultats
Vous n’avez pas pris ce quiz